Cricket: Fastest to 8000 ODI Runs - Statistics

General Stats
  • This quiz has been taken 20 times
  • The average score is 17 of 20
Answer Stats
Country Year Innings Answer % Correct
SA 2015 182 AB de Villiers
100%
SA 2019 176 Hashim Amla
100%
IND 2014 214 MS Dhoni
100%
AUS 2005 220 Ricky Ponting
100%
IND 2019 200 Rohit Sharma
100%
IND 2017 175 Virat Kohli
100%
WI 2003 211 Brian Lara
95%
PAK 2001 231 Inzamam-ul-Haq
95%
SA 2006 223 Jacques Kallis
95%
IND 2002 200 Sourav Ganguly
95%
WI 2011 221 Chris Gayle
89%
NZ 2019 203 Ross Taylor
84%
IND 1999 210 Sachin Tendulkar
84%
IND 2005 228 Rahul Dravid
79%
AUS 2001 223 Mark Waugh
68%
AUS 2006 230 Adam Gilchrist
63%
PAK 2007 227 Mohammad Yousuf
63%
PAK 2001 218 Saeed Anwar
63%
WI 2009 228 Shivnarine Chanderpaul
58%
WI 1993 219 Desmond Haynes
42%
No matching quizzes found
Score Distribution
Percent of People with Each Score
Percentile by Number Answered
Your Score History
You have not taken this quiz